The architecture of Chaco Canyon, New Mexico (Record no. 5995)
[ view plain ]
| 000 -LEADER | |
|---|---|
| fixed length control field | 01679nam a2200373Ia 4500 |
| 001 - CONTROL NUMBER | |
| control field | ebr10275531 |
| 003 - CONTROL NUMBER IDENTIFIER | |
| control field | CaPaEBR |
| 006 - FIXED-LENGTH DATA ELEMENTS--ADDITIONAL MATERIAL CHARACTERISTICS--GENERAL INFORMATION | |
| fixed length control field | m u |
| 007 - PHYSICAL DESCRIPTION FIXED FIELD--GENERAL INFORMATION | |
| fixed length control field | cr cn||||||||| |
| 008 - FIXED-LENGTH DATA ELEMENTS--GENERAL INFORMATION | |
| fixed length control field | 070206s2007 utuab sb s101 0 eng d |
| 010 ## - LIBRARY OF CONGRESS CONTROL NUMBER | |
| Canceled/invalid LC control number | 2007005071 |
| 020 ## - INTERNATIONAL STANDARD BOOK NUMBER | |
| Cancelled/invalid ISBN | 9780874808469 (cloth : alk. paper) |
| Cancelled/invalid ISBN | 0874808464 (cloth : alk. paper) |
| Cancelled/invalid ISBN | 9780874809480 |
| 040 ## - CATALOGING SOURCE | |
| Original cataloging agency | CaPaEBR |
| Transcribing agency | CaPaEBR |
| 035 ## - SYSTEM CONTROL NUMBER | |
| System control number | (OCoLC)654803103 |
| 050 14 - LIBRARY OF CONGRESS CALL NUMBER | |
| Classification number | E99.C37 |
| Item number | A74 2007eb |
| 245 04 - TITLE STATEMENT | |
| Title | The architecture of Chaco Canyon, New Mexico |
| Medium | [electronic resource] / |
| Statement of responsibility, etc | edited by Stephen H. Lekson. |
| 260 ## - PUBLICATION, DISTRIBUTION, ETC. (IMPRINT) | |
| Place of publication, distribution, etc | Salt Lake City : |
| Name of publisher, distributor, etc | University of Utah Press, |
| Date of publication, distribution, etc | c2007. |
| 300 ## - PHYSICAL DESCRIPTION | |
| Extent | xi, 263., [16] p. : |
| Other physical details | ill. (some col.), maps (some col.). |
| 490 1# - SERIES STATEMENT | |
| Series statement | [Chaco Canyon series] |
| 500 ## - GENERAL NOTE | |
| General note | Based on a conference held Sept. 28-Oct. 3, 2000 at University of New Mexico, Albuquerque and at Chaco Canyon. |
| 504 ## - BIBLIOGRAPHY, ETC. NOTE | |
| Bibliography, etc | Includes bibliographical references and index. |
| 533 ## - REPRODUCTION NOTE | |
| Type of reproduction | Electronic reproduction. |
| Place of reproduction | Palo Alto, Calif. : |
| Agency responsible for reproduction | ebrary, |
| Date of reproduction | 2011. |
| Note about reproduction | Available via World Wide Web. |
| -- | Access may be limited to ebrary affiliated libraries. |
| 650 #0 - SUBJECT ADDED ENTRY--TOPICAL TERM | |
| Topical term or geographic name as entry element | Chaco culture |
| Geographic subdivision | New Mexico |
| -- | Chaco Canyon |
| Form subdivision | Congresses. |
| Topical term or geographic name as entry element | Chaco architecture |
| Geographic subdivision | New Mexico |
| -- | Chaco Canyon |
| Form subdivision | Congresses. |
| 651 #0 - SUBJECT ADDED ENTRY--GEOGRAPHIC NAME | |
| Geographic name | Chaco Culture National Historical Park (N.M.) |
| Form subdivision | Congresses. |
| Geographic name | Chaco Canyon (N.M.) |
| General subdivision | Antiquities |
| Form subdivision | Congresses. |
| 655 #7 - INDEX TERM--GENRE/FORM | |
| Genre/form data or focus term | Electronic books. |
| Source of term | local |
| 700 1# - ADDED ENTRY--PERSONAL NAME | |
| Personal name | Lekson, Stephen H. |
| 710 2# - ADDED ENTRY--CORPORATE NAME | |
| Corporate name or jurisdiction name as entry element | ebrary, Inc. |
| 830 #0 - SERIES ADDED ENTRY--UNIFORM TITLE | |
| Uniform title | Chaco Canyon series. |
| 856 40 - ELECTRONIC LOCATION AND ACCESS | |
| Uniform Resource Identifier | <a href="http://site.ebrary.com/lib/rucke/Doc?id=10275531">http://site.ebrary.com/lib/rucke/Doc?id=10275531</a> |
| Public note | An electronic book accessible through the World Wide Web; click to view |
No items available.
